Score 0/20 Timer 03:00
0 Plays Today
Scrambled Word Unscrambled Word % Correct
TUGHOTough
84.9%
ELTWOTowel
80%
ROBMOBroom
75.8%
PELEBBleep
74.5%
ELVANNavel
72.1%
LGABEBagel
66.5%
EALMBBlame
61.3%
LARNELearn
60%
TUGHOOught
53.7%
LGABEGable
44.7%
Scrambled Word Unscrambled Word % Correct
MARLERealm
44.6%
KENDANaked
42.7%
PELEBPlebe
27.2%
LARNERenal
22.1%
MARLELamer
20.3%
KENDAKnead
19.4%
ELTWOOwlet
18.1%
ELVANVenal
14.6%
EALMBAmble
14%
ROBMOBromo
8.4%
Remove Ads.
Support Sporcle.
Get the best of Sporcle when you Go Orange. This ad-free experience offers more features, more stats, and more fun while also helping to support Sporcle. Thank you for becoming a member.

You're not logged in!

Compare scores with friends on all Sporcle quizzes.
OR
Log In

Show Comments

Extras

Top Quizzes Today


Score Distribution

Your Account Isn't Verified!

In order to create a playlist on Sporcle, you need to verify the email address you used during registration. Go to your Sporcle Settings to finish the process.

Report this User

Report this user for behavior that violates our Community Guidelines.

Details: